000 00806nam a2200253 a 4500
008
020 _a0030065526 (pbk.)
049 _aMAIN
090 _aHB172.5
100 1 _aRukstad, Michael G.
245 1 0 _aMacroeconomic decision making in the world economy :
_btext and cases /
_cMichael G. Rukstad.
260 _aChicago :
_bDryden Press,
_cc1986.
300 _axiv, 590 p. :
_bill. ;
_c24 cm.
440 4 _aThe Dryden Press series in economics
504 _aIncludes bibliographical references
500 _aIncludes index
650 0 _aMacroeconomics
_vCase studies.
650 0 _aDecision making
_vCase studies.
907 _a.b10030931
_b08-06-06
_c17-04-03
003
005 20230123133150.0
040 _cNUST
942 _cBOOKS
_kHB172.5
999 _c143854
_d143854